| 000 | 02333cam a2200445 a 4500 | ||
|---|---|---|---|
| 001 | 10309206 | ||
| 003 | OSt | ||
| 005 | 20211123154216.0 | ||
| 006 | m d | ||
| 007 | cr n | ||
| 008 | 120906s2012 flua sb 001 0 eng d | ||
| 020 | _a9781466568518 (hardback) | ||
| 035 | _a(WaSeSS)ssj0000803513 | ||
| 038 | _aKhadija | ||
| 040 |
_aDLC _cDLC _dDLC _dWaSeSS |
||
| 042 | _apcc | ||
| 050 | 4 |
_aTJ217 _b.C478 2013 |
|
| 082 | 0 | 0 |
_a629.89553 _223 _bCHI |
| 084 |
_aTEC007000 _aTEC008000 _aTEC031020 _2bisacsh |
||
| 100 | 1 |
_aChin, Cheng Siong. _984945 |
|
| 210 | 1 | 0 | _aComputer-aided control systems design |
| 245 | 1 | 0 |
_aComputer-aided control systems design: _bpractical applications using MATLAB and Simulink / _cCheng Siong Chin. |
| 260 |
_aBoca Raton, FL : _bTaylor & Francis, _cc2013. |
||
| 504 | _aIncludes bibliographical references and index. | ||
| 506 | _aLicense restrictions may limit access. | ||
| 520 | _a"This book emphasizes applying control fundamentals to practical industry systems such as ALSTOM gasifier system in power station and underwater robotic vehicle (URV) in marine industry. The text begins with basic principles such as understanding the control engineering and recognizing that powerful software packages exist to aid the control systems design. For practicality, the choice and emphasis of material is guided by the basic objective of making an engineer or student capable of dealing with practical control problems in industry"-- | ||
| 563 | _aHB | ||
| 650 | 0 |
_aAdaptive control systems _xDesign and construction _xData processing. _984946 |
|
| 650 | 0 |
_aAutomatic control _xComputer simulation. _984947 |
|
| 650 | 0 |
_aControl theory _xMathematics. _984948 |
|
| 650 | 7 |
_aTECHNOLOGY & ENGINEERING / Electrical _2bisacsh. _984949 |
|
| 650 | 7 |
_aTECHNOLOGY & ENGINEERING / Electronics / General _2bisacsh. _984950 |
|
| 650 | 7 |
_aTECHNOLOGY & ENGINEERING / Power Resources / Electrical _2bisacsh. _984951 |
|
| 773 | 0 | _tENGnetBASE | |
| 773 | 0 | _tELECTRICALENGINEERINGnetBASE | |
| 856 | 4 | 0 |
_uhttp://www.columbia.edu/cgi-bin/cul/resolve?clio10309206.001 _zFull text available from ELECTRICALENGINEERINGnetBASE |
| 856 | 4 | 0 |
_uhttp://www.columbia.edu/cgi-bin/cul/resolve?clio10309206.002 _zFull text available from ENGnetBASE |
| 910 | _aLibrary of Congress record | ||
| 942 |
_2ddc _cBK |
||
| 999 |
_c33408 _d33408 |
||